The California Legislature. (Record no. 415)

MARC details
000 -LEADER
fixed length control field 02524cas a2200589 a 4500
001 - CONTROL NUMBER
control field 11145882
003 - CONTROL NUMBER IDENTIFIER
control field OSt
005 - DATE AND TIME OF LATEST TRANSACTION
control field 20230605134151.0
008 - FIXED-LENGTH DATA ELEMENTS--GENERAL INFORMATION
fixed length control field 781024u1942uuuucau x s0 0eng
010 ## - LIBRARY OF CONGRESS CONTROL NUMBER
LC control number 51062615
Canceled/invalid LC control number sn 85017406
035 ## - SYSTEM CONTROL NUMBER
System control number (OCoLC)ocm04316432
040 ## - CATALOGING SOURCE
Original cataloging agency DLC
Language of cataloging eng
Transcribing agency COA
Modifying agency NYG
-- OCL
-- NST
-- DLC
-- NST
-- CUV
-- OCLCQ
-- DLC
-- OCLCF
-- OCL
-- OCLCA
-- OCLCQ
-- OCL
-- OCLCO
042 ## - AUTHENTICATION CODE
Authentication code pcc
043 ## - GEOGRAPHIC AREA CODE
Geographic area code n-us-ca
082 04 - DEWEY DECIMAL CLASSIFICATION NUMBER
Classification number 328.794
Item number WIL
245 04 - TITLE STATEMENT
Title The California Legislature.
246 1# - VARYING FORM OF TITLE
Display text Also known as:
Title proper/short title Legislative handbook
246 30 - VARYING FORM OF TITLE
Title proper/short title California's Legislature
260 ## - PUBLICATION, DISTRIBUTION, ETC. (IMPRINT)
Place of publication, distribution, etc. [Sacramento, Calif.] :
Name of publisher, distributor, etc. California Senate,
Date of publication, distribution, etc. 1942-
300 ## - PHYSICAL DESCRIPTION
Extent volumes :
Other physical details illustrations ;
Dimensions 21 cm
310 ## - CURRENT PUBLICATION FREQUENCY
Current publication frequency Irregular
336 ## - CONTENT TYPE
Content type term text
Content type code txt
Source rdacontent
337 ## - MEDIA TYPE
Media type term unmediated
Media type code n
Source rdamedia
338 ## - CARRIER TYPE
Carrier type term volume
Carrier type code nc
Source rdacarrier
362 0# - DATES OF PUBLICATION AND/OR SEQUENTIAL DESIGNATION
Dates of publication and/or sequential designation 1942-
500 ## - GENERAL NOTE
General note Editors: 1942-196<8>, Joseph Allan Beek, Secretary of the Senate; 1974-, R.W. Lyons.
500 ## - GENERAL NOTE
General note Some issues have title: California's Legislature.
500 ## - GENERAL NOTE
General note Vols. are issued in revised and edited editions.
550 ## - ISSUING BODY NOTE
Issuing body note Published by: 1942-1980, the State Senate, pursuant to Senate Resolution No. 129 of the 53rd Session; 1986-, Center for California Studies at California State University, Sacramento.
588 ## - SOURCE OF DESCRIPTION NOTE
Source of description note Latest issue consulted: 1980.
590 ## - LOCAL NOTE (RLIN)
Local note SERBIB/SERLOC merged record
610 10 - SUBJECT ADDED ENTRY--CORPORATE NAME
Corporate name or jurisdiction name as entry element California.
Subordinate unit Legislature
Form subdivision Periodicals.
610 10 - SUBJECT ADDED ENTRY--CORPORATE NAME
Corporate name or jurisdiction name as entry element California.
Subordinate unit Legislature
General subdivision Study and teaching
Form subdivision Periodicals.
610 17 - SUBJECT ADDED ENTRY--CORPORATE NAME
Corporate name or jurisdiction name as entry element California.
Subordinate unit Legislature.
Source of heading or term fast
Authority record control number (OCoLC)fst00530858
650 #0 - SUBJECT ADDED ENTRY--TOPICAL TERM
Topical term or geographic name as entry element Legislative bodies
Geographic subdivision California
Form subdivision Periodicals.
650 #0 - SUBJECT ADDED ENTRY--TOPICAL TERM
Topical term or geographic name as entry element Parliamentary practice
Geographic subdivision California
Form subdivision Periodicals.
650 #7 - SUBJECT ADDED ENTRY--TOPICAL TERM
Topical term or geographic name as entry element Legislative bodies.
Source of heading or term fast
Authority record control number (OCoLC)fst00995690
650 #7 - SUBJECT ADDED ENTRY--TOPICAL TERM
Topical term or geographic name as entry element Parliamentary practice.
Source of heading or term fast
Authority record control number (OCoLC)fst01053793
650 #7 - SUBJECT ADDED ENTRY--TOPICAL TERM
Topical term or geographic name as entry element Politics and government
Source of heading or term fast
Authority record control number (OCoLC)fst01919741
650 #7 - SUBJECT ADDED ENTRY--TOPICAL TERM
Topical term or geographic name as entry element Education.
Source of heading or term fast
Authority record control number (OCoLC)fst00902499
651 #0 - SUBJECT ADDED ENTRY--GEOGRAPHIC NAME
Geographic name California
General subdivision Politics and government
Form subdivision Periodicals.
651 #7 - SUBJECT ADDED ENTRY--GEOGRAPHIC NAME
Geographic name California.
Source of heading or term fast
Authority record control number (OCoLC)fst01204928
655 #7 - INDEX TERM--GENRE/FORM
Genre/form data or focus term Periodicals.
Source of term fast
Authority record control number (OCoLC)fst01411641
700 1# - ADDED ENTRY--PERSONAL NAME
Personal name Beek, Joseph Allan.
700 1# - ADDED ENTRY--PERSONAL NAME
Personal name Lyons, R. W.
Fuller form of name (Robert W.)
710 1# - ADDED ENTRY--CORPORATE NAME
Corporate name or jurisdiction name as entry element California.
Subordinate unit Legislature.
-- Senate.
710 2# - ADDED ENTRY--CORPORATE NAME
Corporate name or jurisdiction name as entry element California State University, Sacramento.
Subordinate unit Center for California Studies.
776 08 - ADDITIONAL PHYSICAL FORM ENTRY
Relationship information Online version:
Title California Legislature
Record control number (OCoLC)655782616
906 ## - LOCAL DATA ELEMENT F, LDF (RLIN)
a 7
b cbc
c serials
d u
e ncip
f 19
g n-oclcserc
942 ## - ADDED ENTRY ELEMENTS (KOHA)
Source of classification or shelving scheme Dewey Decimal Classification
Koha item type Books
Holdings
Withdrawn status Lost status Source of classification or shelving scheme Damaged status Not for loan Home library Current library Date acquired Total Checkouts Full call number Barcode Date last seen Price effective from Koha item type
    Dewey Decimal Classification     Bunge Tower Library Bunge Tower Library 06/05/2023   328.794 WIL 10010502 06/05/2023 06/05/2023 Books
LIBRARY OPENING HOURS

When the Parliament is sitting: 8.00a.m - 7.00p.m or until the house adjourns
Mondays and Fridays and when the House is on Recess:  8.00a.m - 5.00p.m
Closed on Weekends and Public Holidays

Online Public Access Catalog (OPAC)
Website: http://www.parliament.go.ke
Bunge Library: https://libraryir.parliament.go.ke
Contact: library@parliament.go.ke | Tel no: (254-2)2221291 or 2848000 Ext 5043